000 00530nam a2200181Ia 4500
008 240925s9999 xx 000 0 und d
020 _a133942554
082 _a004.22 STA
100 _aStallings, William
245 0 _aComputer Organization and Architecture: designing for performance
250 _a4th
260 _aNew Delhi:
_bPrentice Hall
_c,1996.
300 _axiv,682p.
_bNA
_fPirated
500 _aIncludes Index
600 _aComputer Science
650 _aComputer science, information & general works
942 _cBK
999 _c4967
_d4967